MARC

LEADER 00000nab a2200000 4500
001 vtls011877300
003 SK-MaSNL
005 20260318115220.0
008 190716c2018 xo er|n || ||00 c0ukr
015 |a SNBRB2019/07 
038 |a SVKPOCL 
040 |a SVKPOCL  |b slo  |c SVKPOCL  |e rda 
041 0 |a ukr 
043 |a e-xo---  |a e-un--- 
044 |a xo  |c SK 
072 7 |a 930  |x Historická veda. Pomocné vedy historické. Archívnictvo  |2 konspekt 
072 7 |a 94(437.6)  |x Dejiny Slovenska  |2 konspekt 
080 |a (047):94(477)(084.3-54)  |2 2011 
080 |a (477)  |2 2011 
080 |a (047):314.151.3-054.72(084.3-54)  |2 2011 
080 |a (047):94(437.67)"1947"(084.3-54)  |2 2011 
080 |a (047):316.7-051(091)"1945/2015"  |2 2011 
080 |a 94(091)"1947/2015"  |2 2011 
100 1 |a Kuzmiaková, Anna,  |d 1949-  |4 aut  |9 210981 
245 1 0 |a Vўšla knyžka Ľudy našoho rodu 1945-2015  |c [autor] -akuz- 
246 3 3 |a Vŷšla knyžka Ľudy našoho rodu 1945-2015 
336 |a text  |b txt  |2 rdacontent 
337 |a bez média  |b n  |2 rdamedia 
338 |a zväzok  |b nc  |2 rdacarrier 
500 |a V rubrike Informačnўj servis 
500 |a Odkrytie akronymu je s autorkiným súhlasom 
600 1 7 |a Kruško, Štefan,  |d 1941-  |2 SNKMA  |9 48856 
600 1 7 |a Mušinka, Mikuláš,  |d 1936-2024  |2 SNKMA  |9 99915 
630 0 7 |a Ľudia nášho rodu - 1945-2015  |g (publikácia)  |2 svkpocl  |9 1604691 
650 0 7 |a obsahová charakteristika  |2 svkpocl  |9 1086894 
650 0 7 |a kultúrno-osvetoví pracovníci  |2 SNKPH  |9 85340 
650 0 7 |a knižná produkcia  |2 SNKPH  |9 79149 
650 0 7 |a osobnosti  |2 SNKPH  |9 29820 
650 0 7 |a rodáci  |2 SNKPH  |9 30842 
650 0 7 |a migrácia obyvateľstva  |2 SNKPH  |9 3839 
650 0 7 |a Rusíni  |2 SNKPH  |9 4087 
651 7 |a Ukrajina  |2 SNKPHgeo  |9 168045 
651 7 |a Slovensko  |x dejiny  |2 SNKPH  |9 13278 
773 0 |t NN info Rusyn  |g Roč. XV (27), č. 3 (2018), s. 5  |x 2454-0013 
787 0 8 |i Poznámky k:  |a Kruško, Štefan, 1941-  |t Ljudy našoho rodu 1945-2015  |d Prjašiv: Koordynacijnyj komitet reoptantiv v SR, 2016  |z 9788096965083  |w 011737984 
852 |a SVKPO  |b KIS3GCP 
958 |a SS 
958 |a BC 
958 |a BX 
958 |a SK 
958 |a RN 
958 |a RC 
999 |c 3304875  |d 3306805